00263nam a2200121Ia 45000030006000000080041000060400015000471000016000622450025000782600009001035460012001120050017001240STCL150530s9999 xx 000 0 und d aSTCLcSTCL aMahabharati aAbolition of poverty c1957 aEnglish20220125170629.0